| 000 | 00535nam a2200157 a 4500 | ||
|---|---|---|---|
| 008 | 120416s1957 ||||||||||||||||| || u | ||
| 050 | _aRC 962.A31 Gel | ||
| 100 | _aGelfand, M | ||
| 245 | 1 | 4 | _aThe sick African |
| 246 | _aa clinical study | ||
| 250 | _a3rd ed. | ||
| 260 |
_aCape Town _bJuta and Compamny _c1957 |
||
| 300 | _a866p. : ill. | ||
| 350 | _a0.00 | ||
| 995 |
_D0.00 _FCBU-MAIN LIBRARY (Kitwe) _H1 _I4.50 _M1 _UAVAILABLE _WApr 19, 2007 _ZAnnex Low-Usage Collection |
||
| 999 |
_c57442 _d57442 |
||